000 04790cam a22018734i 4500
003 PE-LiUPU
005 20250813165510.0
008 171220s2016 xxua rb 001 0 eng d
020 _a0062376551
020 _a9780062376558
035 _a(Sirsi) a240598
040 _aPE-LiUPU
_bspa
_cPE-LiUPU
_erda
049 _aPRUA
082 0 4 _a616.3
_bM32
_223
100 1 _aMayer, Emeran A.,
_eautor.
245 1 4 _aThe mind-gut connection :
_bhow the hidden conversation within our bodies impacts our mood, our choices, and our overall health /
_cDr. Emeran Mayer.
250 _aFirst edition.
264 1 _aNew York :
_bHarper Wave, an imprint of HarperCollinsPublishers;
_c2016.
300 _aVIII, 310 páginas :
_bilustraciones ;
_c24 centímetros
336 _atext
_2rdacontent
337 _aunmediated
_2rdamedia
338 _avolume
_2rdacarrier
504 _aBibliografía : páginas 289-300.
504 _aÍndice : páginas 301-309.
505 0 _aOur body, the intelligent supercomputer. The mind-body connection is real -- How the mind communicates with the gut -- How your gut talks to your brain -- Microbe-speak: a key component of the gut-brain dialogue -- Part Intuition and gut feelings -- Unhealthy memories: the effects of early life experience on the gut-brain dialogue -- A new understanding of emotions -- Understanding intuitive decision making -- How to optimize brain-gut health -- The role of food: lessons from hunter-gatherers -- The onslaught of the North American diet: what evolution did not foresee -- The simple road toward wellness and optimal health.
526 _aP203
526 _aP200
526 _aSEG65
526 _aSEG64
526 _aSEG63
526 _aSEG62
526 _aSEG61
526 _aSEG60
526 _aSEG59
526 _aSEG58
526 _aSEG57
526 _aSEG56
526 _aSEG55
526 _aSEG54
526 _aSEG53
526 _aSEG52
526 _aSEG51
526 _aSEG50
526 _aSEG49
526 _aSEG48
526 _aSEG47
526 _aSEG46
526 _aSEG24
526 _aSEG23
526 _aSEG22
526 _aSEG21
526 _aSEG20
526 _aSEG19
526 _aSEG18
526 _aSEG17
526 _aSEG16
526 _aSEG14
526 _aSEG13
526 _aSEG12
526 _aSEG11
526 _aSEG10
526 _aSEG09
526 _aSEG06
526 _aSEG05
526 _aSEG04
526 _aSEG03
526 _aSEG02
526 _aSEG68
526 _aSEG66
526 _aSEG45
526 _aSEG25
526 _aSEG01
526 _aP163
526 _aP162
526 _aP161
526 _aP160
526 _aP159
526 _aP158
526 _aP157
526 _aP156
526 _aP155
526 _aP154
526 _aP153
526 _aP152
526 _aP151
526 _aP150
526 _aP149
526 _aP142
526 _aP141
526 _aP140
526 _aP139
526 _aP138
526 _aP137
526 _aP132
526 _aP131
526 _aP130
526 _aP126
526 _aP125
526 _aP124
526 _aP123
526 _aP115
526 _aP122
526 _aP121
526 _aP116
526 _a P114
526 _aP112
526 _aP111
526 _aP104
526 _aP103
526 _aP102
526 _aP101
526 _aP100
526 _aP96
526 _aP95
526 _aP93
526 _aP92
526 _aP91
526 _aP88
526 _aP83
526 _aP82
526 _aP79
526 _aP78
526 _aP75
526 _aP74
526 _aP71
526 _aP69
526 _a P51
526 _aP49
526 _aP48
526 _aP47
526 _aP33
526 _aP31
526 _a P30
526 _aP29
526 _aP27
526 _aP26
526 _aP25
526 _aP24
526 _a P22
526 _aP10
526 _aP09
526 _a P08
526 _aP06
526 _aP05
526 _aP04
526 _aP01
650 0 4 _aMind and body therapies.
650 0 4 _aGastrointestinal system.
650 0 4 _aMind and body.
650 0 4 _aTerapias mentales y corporales.
650 0 4 _aSistema gastrointestinal.
650 0 4 _aMente y cuerpo.
_93016
700 1 _aLaPlante, Matthew D,
_eautor.
910 _adbm
_bksl
_cksl
_d20171219
596 _a1
942 _2ddc
_cBOOK
999 _a616.3 M32
_wLC
_c26273
_i77702
_d26273
_e2018-10-19
_f2021-11-4
_g4
_lCCODEBUL1
_mBUL
_n2
_p27.43
_r0
_sY
_tBOOK
_u2017-12-20
_xSALUD
_zP85
_0COMPRA
_o.STAFF. Colección Teología
980 _81
_gALBERTO SANCHEZ Responsable de Automatización